Movies Quiz

Random Movies or Oscar Quiz

Best Picture Nominees 1990s (slideshow) Quiz Stats

Quiz not verified by Sporcle

Challenge
Share
Tweet
Score 0/50 Timer 12:00
0 Plays Today
% Correct
Beauty and the Beast
98.9%
Titanic
98.6%
The Shawshank Redemption
97.7%
The Silence of the Lambs
97.5%
Forrest Gump
97.2%
Pulp Fiction
97.2%
Braveheart
96.7%
The Sixth Sense
96.6%
Saving Private Ryan
96.2%
Babe
95.7%
Schindler's List
95.3%
Ghost
93.7%
Apollo 13
93.2%
The Green Mile
93.2%
American Beauty
91.1%
Good Will Hunting
89.8%
Fargo
88%
Shakespeare in Love
87.5%
A Few Good Men
87.4%
Goodfellas
87.3%
Dances with Wolves
87.2%
The Fugitive
85.5%
Elizabeth
85.1%
Jerry Maguire
82.5%
As Good as It Gets
82.5%
% Correct
Four Weddings and a Funeral
81.6%
The English Patient
74.8%
Scent of a Woman
74.5%
The Godfather Part III
72.9%
L.A. Confidential
69.1%
Life Is Beautiful
67.8%
The Piano
67.6%
Quiz Show
67.3%
JFK
66.7%
Unforgiven
66.3%
The Cider House Rules
64.5%
The Thin Red Line
63.4%
The Full Monty
57.2%
Awakenings
53.9%
Sense and Sensibility
53.6%
Bugsy
48.7%
The Insider
48%
The Remains of the Day
45.2%
In the Name of the Father
44.9%
The Prince of Tides
43.9%
The Crying Game
43%
Shine
39.8%
Howards End
39.3%
The Postman (Il Postino)
29.2%
Secrets & Lies
26.3%

You're not logged in!

Compare scores with friends on all Sporcle quizzes.
Sign Up with Email
OR
Log In

You Might Also Like...

Show Comments

Extras

Top Quizzes Today


Score Distribution

Your Account Isn't Verified!

In order to create a playlist on Sporcle, you need to verify the email address you used during registration. Go to your Sporcle Settings to finish the process.